000 00222nam a22000857a 4500
008 170124b xxu||||| |||| 00| 0 eng d
100 _92539
_aJaiSingh.S.etal.
245 _aEnvironment Education-7
260 _aNew delhi
_bAPC
_c2011
999 _c5628
_d5628